000 01156nam a2200325 a 4500
001 000110391
003 CHAP
005 20220329144130.0
008 140825s2014 mx ab |sm |||||||spa|d
010 _a106853
011 _a107825
040 _cCHAP
090 _aTesis
100 0 0 _aEstrada Godoy, Francisco.
_938386
245 1 0 _aZonificación agroecológica de cultivos potenciales en la Cienega de Chapala.
_h[En línea]
_cpor Francisco Estrada Godoy.
260 _aChapingo, Méx. :
_bEl autor,
_c2014.
500 _aPara ver el contenido del material haga clic en la liga
502 _aTesis (Ph.D. en Horticultura) -- UACH. Departamento de Fitotecnia
590 _aBATCH-UPD
_b05
_c20141002
_lUCH01
_h0905
590 _aE792CSJ
_b05
_c20140825
_lUCH01
_h1118
590 _aE792CSJ
_b05
_c20140825
_lUCH01
_h1118
650 1 4 _aAgricultura
_xMichoacán.
_91743
650 1 4 _aClima
_xMichoacán.
_923834
650 1 4 _aCultivos
_xZonas de
_zMichoacán.
_930360
650 1 4 _aPlaneación regional
_xMichoacán.
_988713
856 _aFinding aid
_uhttp://10.13.5.2/tesis/sist110391.pdf
_zTeclea aquí
901 _aBK
942 _cTESIS
942 _n0
999 _c106853
_d106853